[Event "Dt. Senioren-Mannschaftsmeisterschaft der Landesverbände 2017"]
[Site "Templin"]
[Date "2017.09.29"]
[Round "5.2"]
[White "Lehmann, Klaus"]
[Black "Postler, Reinhard"]
[Result "1/2-1/2"]
[BlackElo "2221"]
[WhiteElo "2321"]
[LiveChessVersion "1.4.8"]

1. e4 c5 2. Nf3 e6 3. c3 Nf6 4. e5 Nd5 5. d4 cxd4 6. Qxd4 Nc6 7. Qe4 d6 8. Nbd2
dxe5 9. Nxe5 Nxe5 10. Qxe5 Bd7 1/2-1/2

[Event "Dt. Senioren-Mannschaftsmeisterschaft der Landesverbände 2017"]
[Site "Templin"]
[Date "2017.09.29"]
[Round "5.4"]
[White "Burchardt, Brigitte"]
[Black "Glatthor, Thomas"]
[Result "1/2-1/2"]
[BlackElo "2065"]
[WhiteElo "2191"]
[LiveChessVersion "1.4.8"]

1. e4 d6 2. d4 g6 3. Nc3 Bg7 4. Be3 Nf6 5. f3 c6 6. Qd2 Nbd7 7. g4 Qc7 8. O-O-O
b5 9. g5 Ng8 10. f4 a6 11. h4 Bb7 12. h5 gxh5 13. Rxh5 O-O-O 14. Kb1 e6 15. Qh2
c5 16. Rxh7 Ne7 17. dxc5 Nxc5 18. e5 Rxh7 19. Qxh7 Nf5 20. exd6 Qc6 1/2-1/2

[Event "Dt. Senioren-Mannschaftsmeisterschaft der Landesverbände 2017"]
[Site "Templin"]
[Date "2017.09.29"]
[Round "5.5"]
[White "Nekrasov, Mihail"]
[Black "Buchal, Stephan"]
[Result "1/2-1/2"]
[BlackElo "2347"]
[WhiteElo "2359"]
[LiveChessVersion "1.4.8"]

1. e4 g6 2. d4 Bg7 3. Nf3 d6 4. h3 Nf6 5. Bd3 O-O 6. O-O Nc6 7. c3 e5 8. Re1 h6
9. Na3 Nh5 10. Nc2 Qf6 11. dxe5 Nxe5 12. Nxe5 dxe5 13. Ne3 1/2-1/2

[Event "Dt. Senioren-Mannschaftsmeisterschaft der Landesverbände 2017"]
[Site "Templin"]
[Date "2017.09.29"]
[Round "5.6"]
[White "Franke, Reiner, Prof. Dr."]
[Black "Werner, Clemens"]
[Result "0-1"]
[BlackElo "2306"]
[WhiteElo "2255"]
[LiveChessVersion "1.4.8"]

1. Nf3 d6 2. d4 Bg4 3. c4 Nd7 4. g3 Bxf3 5. exf3 g6 6. Nc3 Bg7 7. f4 e6 8. Bg2
Rb8 9. Be3 a6 10. d5 Ngf6 11. dxe6 fxe6 12. O-O O-O 13. Re1 Re8 14. Ba7 Ra8 15.
Bd4 Rb8 16. Rc1 Re7 17. Rc2 b6 18. Rce2 e5 19. fxe5 dxe5 20. Be3 Qf8 21. Bg5 Kh8
22. f4 Rbe8 23. Bxf6 Nxf6 24. fxe5 Ng4 25. Re4 Nf2 26. Rf4 Nxd1 0-1

[Event "Dt. Senioren-Mannschaftsmeisterschaft der Landesverbände 2017"]
[Site "Templin"]
[Date "2017.09.29"]
[Round "5.7"]
[White "Herbrechtsmeier, Christof"]
[Black "Rust-Lux, Klaus"]
[Result "1-0"]
[BlackElo "2065"]
[WhiteElo "2270"]
[LiveChessVersion "1.4.8"]

1. g3 Nf6 2. Nf3 d6 3. d4 Nbd7 4. Bg2 e5 5. dxe5 dxe5 6. O-O Be7 7. a4 c6 8. Na3
Qc7 9. Nc4 b6 10. Nfxe5 Nxe5 11. Nxe5 Bb7 12. Nd3 Rd8 13. a5 Nd5 14. axb6 axb6
15. c4 Nb4 16. Qb3 Nxd3 17. exd3 O-O 18. Be3 Bc8 19. Qxb6 Qxb6 20. Bxb6 Rxd3 21.
c5 Bf6 22. Bxc6 Bxb2 23. Rad1 Rc3 24. Bg2 h5 25. c6 Rc4 26. Bd5 Rc2 27. Rfe1 Bg4
28. Rb1 Ba3 29. Ra1 Bc5 30. Bxc5 Rxc5 31. Bg2 Be6 32. Rac1 Rb5 33. Re2 Rc8 34.
f4 g6 35. Kf2 Kf8 36. Rd2 Rc7 37. Rcc2 Ke7 38. Rb2 Rxb2 39. Rxb2 Kd6 40. Ke3 Bc8
41. Rd2+ Kc5 42. Rc2+ Kd6 43. Kd4 Bf5 44. Rc5 Be6 45. Bd5 Bc8 46. Ra5 Be6 47.
Bg2 Rc8 48. Bd5 Rb8 49. Bxe6 fxe6 50. Rg5 Rb4+ 51. Kd3 Rb3+ 52. Kc4 Rb6 53. Rxg6
Rxc6+ 54. Kd4 Rc2 55. h4 Ke7 56. Rg5 Rg2 57. Ke4 1-0

[Event "Dt. Senioren-Mannschaftsmeisterschaft der Landesverbände 2017"]
[Site "Templin"]
[Date "2017.09.29"]
[Round "5.8"]
[White "Ditmas, Hugh"]
[Black "Vatter, Hans-Joachim"]
[Result "0-1"]
[BlackElo "2203"]
[WhiteElo "1993"]
[LiveChessVersion "1.4.8"]

1. d4 Nf6 2. c4 e6 3. Nf3 d5 4. Nc3 dxc4 5. e4 Bb4 6. Bg5 c5 7. Bxc4 cxd4 8.
Nxd4 Bxc3+ 9. bxc3 Qa5 10. Nb5 a6 11. Nd6+ Ke7 12. Bxf6+ gxf6 13. O-O Rd8 14.
Nxc8+ Rxc8 15. Qe2 Nd7 16. Kh1 b5 17. Bb3 Qxc3 18. f4 Rc5 19. Rf3 Qxa1+ 0-1

[Event "Dt. Senioren-Mannschaftsmeisterschaft der Landesverbände 2017"]
[Site "Templin"]
[Date "2017.09.29"]
[Round "5.9"]
[White "Walter, Guenter"]
[Black "Rotstein, Jefim"]
[Result "1/2-1/2"]
[BlackElo "2322"]
[WhiteElo "2158"]
[LiveChessVersion "1.4.8"]

1. e4 g6 2. d4 Bg7 3. Nf3 c6 4. Bd3 d5 5. e5 Bg4 6. Nbd2 e6 7. h3 Bxf3 8. Nxf3
Nd7 9. O-O Ne7 10. c3 c5 11. Be3 Rc8 12. Qd2 O-O 13. Rac1 Nc6 14. b4 b6 15. a3
Qe7 16. Bg5 f6 17. exf6 Bxf6 18. Bb5 cxd4 19. Bxf6 Nxf6 20. cxd4 Nb8 21. Qe3
1/2-1/2

[Event "Dt. Senioren-Mannschaftsmeisterschaft der Landesverbände 2017"]
[Site "Templin"]
[Date "2017.09.29"]
[Round "5.10"]
[White "Khanukov, Boris"]
[Black "Walkewitz, Hubert"]
[Result "1-0"]
[BlackElo "2134"]
[WhiteElo "2306"]
[LiveChessVersion "1.4.8"]

1. d4 f5 2. g3 Nf6 3. Bg2 g6 4. b3 Bg7 5. Bb2 d6 6. Nd2 c6 7. Ngf3 O-O 8. O-O a5
9. a4 Na6 10. Re1 Nb4 11. Nc4 Ne4 12. Nfd2 Ng5 13. f4 Ne4 14. c3 Na6 15. Ne3 d5
16. Nf3 e6 17. Nf1 c5 18. e3 Nc7 19. N1d2 Ne8 20. Nxe4 fxe4 21. Ne5 b6 22. Ba3
Qc7 23. c4 dxc4 24. Bxe4 Bb7 25. Bxb7 Qxb7 26. bxc4 Rd8 27. Qg4 Qc8 28. Rad1 Nd6
29. Qe2 Bxe5 30. dxe5 Nf5 31. g4 Ng7 32. Qg2 Rxd1 33. Rxd1 Qe8 34. Qc2 Qc6 35.
Kf2 g5 36. Bc1 Qb7 37. h3 Qc6 38. Kg3 Qb7 39. Qg2 Qc8 40. Rd6 Qe8 41. Qc6 gxf4+
42. exf4 Qg6 43. Kf3 Qc2 44. Bd2 Qxc4 45. Kg3 Qb3+ 46. Kh4 c4 47. Qxb6 Qxa4 48.
Rd8 Qc2 49. Bxa5 Rxd8 50. Qxd8+ Kf7 51. Qf6+ Kg8 52. Bb4 h6 53. Qd8+ Kh7 54. Qd2
Qe4 55. Bc3 Kg6 56. Kg3 Ne8 57. Qd4 Qxd4 58. Bxd4 Nc7 59. Kf3 Nb5 60. Ke4 Kg7
61. f5 Kf7 62. Be3 exf5+ 63. gxf5 h5 64. Bg5 c3 65. Kd3 c2 66. e6+ Ke8 67. f6
Nc7 68. f7+ 1-0

[Event "Dt. Senioren-Mannschaftsmeisterschaft der Landesverbände 2017"]
[Site "Templin"]
[Date "2017.09.29"]
[Round "5.11"]
[White "Jandke, Manfred"]
[Black "Hassenrueck, Helmut"]
[Result "0-1"]
[BlackElo "2167"]
[WhiteElo "2147"]
[LiveChessVersion "1.4.8"]

1. c4 Nf6 2. g3 e5 3. Bg2 c6 4. d4 exd4 5. Qxd4 d5 6. cxd5 cxd5 7. Bg5 Nc6 8.
Qe3+ Be6 9. a3 h6 10. Bxf6 Qxf6 11. Qc3 Qd8 12. Nf3 Rc8 13. Qd2 Na5 14. Nd4 Nc4
15. Qd3 Qa5+ 16. b4 Bxb4+ 17. axb4 Qxa1 18. O-O O-O 19. Nc3 Ne5 20. Rxa1 Nxd3
21. Nxe6 fxe6 22. Bh3 Rxc3 23. Bxe6+ Kh8 24. exd3 Rxd3 25. Rxa7 Rd1+ 26. Kg2 Rd2
27. Rxb7 Rfxf2+ 28. Kg1 Rf8 29. b5 Re8 30. Rb6 d4 31. Rd6 d3 0-1

[Event "Dt. Senioren-Mannschaftsmeisterschaft der Landesverbände 2017"]
[Site "Templin"]
[Date "2017.09.29"]
[Round "5.12"]
[White "Krueger, Erich"]
[Black "Kuhne, Detlev"]
[Result "0-1"]
[BlackElo "2108"]
[WhiteElo "2171"]
[LiveChessVersion "1.4.8"]

1. d4 d5 2. c4 c6 3. Nf3 Nf6 4. Nc3 a6 5. c5 b6 6. cxb6 Qxb6 7. g3 Bf5 8. Bg2 e6
9. O-O Bd6 10. Nh4 Bg6 11. Nxg6 hxg6 12. e4 Be7 13. a3 O-O 14. b4 a5 15. Rb1
axb4 16. axb4 dxe4 17. b5 Nd5 18. bxc6 Qxc6 19. Nxe4 Na6 20. Bg5 Qd7 21. Bxe7
Qxe7 22. Ra1 Nab4 23. Qd2 Rxa1 24. Rxa1 Rc8 25. h4 Qd8 26. Ng5 Ra8 27. Rb1 Ra2
28. Qe1 Nd3 29. Nxe6 Qe8 30. Qe4 Nc3 31. Qxd3 Nxb1 32. Qxb1 Qxe6 33. d5 Qe2 34.
Qf1 Qb2 35. Kh2 Qxf2 36. Qxf2 Rxf2 37. g4 Kf8 38. Kg3 Rd2 39. Be4 Ke7 40. Kf4
Kd6 41. Bf3 Rd4+ 42. Be4 Rb4 0-1

[Event "Dt. Senioren-Mannschaftsmeisterschaft der Landesverbände 2017"]
[Site "Templin"]
[Date "2017.09.29"]
[Round "5.13"]
[White "Klundt, Klaus"]
[Black "Salov, Sergej"]
[Result "1-0"]
[BlackElo "2215"]
[WhiteElo "2321"]
[LiveChessVersion "1.4.8"]

1. e4 c5 2. Nf3 e6 3. d4 cxd4 4. Nxd4 a6 5. Bd3 Bc5 6. Nb3 Be7 7. O-O d6 8. c4
Nf6 9. Nc3 Qc7 10. Qe2 Nbd7 11. f4 b6 12. Bd2 Bb7 13. Rae1 Rd8 14. Bb1 O-O 15.
e5 Ne8 16. Kh1 g6 17. exd6 Bxd6 18. Ne4 Be7 19. Bc3 Nef6 20. Ng5 Bd6 21. Be5
Rde8 22. Nd4 Kg7 23. b3 h6 24. Ngxe6+ Rxe6 25. Nxe6+ fxe6 26. Qd3 Nxe5 27. fxe5
Bxe5 28. Qxg6+ Kh8 29. Qxh6+ Kg8 30. Qg5+ Qg7 31. Rxe5 1-0

[Event "Dt. Senioren-Mannschaftsmeisterschaft der Landesverbände 2017"]
[Site "Templin"]
[Date "2017.09.29"]
[Round "5.14"]
[White "Gruzmann, Boris"]
[Black "Kierzek, Matthias, Dr."]
[Result "1/2-1/2"]
[BlackElo "2277"]
[WhiteElo "2210"]
[LiveChessVersion "1.4.8"]

1. e4 c6 2. d4 d5 3. e5 Bf5 4. Nd2 e6 5. Nb3 Nd7 6. Nf3 c5 7. dxc5 Bxc5 8. Nxc5
Nxc5 9. Bb5+ Nd7 10. O-O Ne7 11. b3 O-O 12. Ba3 a6 13. Bd3 Bxd3 14. Qxd3 Re8 15.
Ng5 Ng6 16. Qg3 Ndxe5 17. f4 Nc6 18. f5 exf5 19. Rxf5 Nd4 20. Qh3 h6 21. Nxf7
Qb6 22. Rf2 Ne2+ 23. Kf1 Qd4 24. Rb1 Nc3 25. Bb2 Re3 26. Qf5 Kh7 27. Qh5 Rae8
28. Ng5+ Kh8 29. Nf7+ Kh7 30. Ng5+ Kg8 31. Nf3 Qe4 32. Bxc3 Rxc3 33. Re1 Re3 34.
Rxe3 Qxe3 35. Qxd5+ Kh7 36. Qd2 Qc5 37. Re2 Rxe2 38. Qxe2 Qc3 39. Qd3 Qa1+ 40.
Ke2 Qf6 41. g3 Kh8 42. Qe4 b5 43. Kd3 b4 44. Kc4 Qxf3 45. Qxf3 Ne5+ 46. Kxb4
Nxf3 47. Ka5 Nxh2 48. Kxa6 Nf1 49. b4 Nxg3 50. b5 h5 51. b6 Ne4 52. Kb5 Nd6+ 53.
Kc5 Nb7+ 54. Kc6 Na5+ 55. Kb5 Nb7 56. Kc6 Na5+ 1/2-1/2

[Event "Dt. Senioren-Mannschaftsmeisterschaft der Landesverbände 2017"]
[Site "Templin"]
[Date "2017.09.29"]
[Round "5.15"]
[White "Baum, Bernd, Dr."]
[Black "Stark, Hans-Werner"]
[Result "1/2-1/2"]
[BlackElo "2103"]
[WhiteElo "2268"]
[LiveChessVersion "1.4.8"]

1. g3 e5 2. c4 Nf6 3. Bg2 d5 4. cxd5 Nxd5 5. Nf3 Nc6 6. O-O Be7 7. d4 e4 8. Ne5
f5 9. Nxc6 bxc6 10. f3 exf3 11. Bxf3 O-O 12. Nc3 Bf6 13. Nxd5 cxd5 14. Bf4 c6
15. Rc1 Qb6 16. e3 Re8 17. Qd2 Bd7 18. h4 g6 19. Rc3 Qb4 20. Qg2 Qe7 21. Rfc1
Kg7 22. g4 Qe6 23. g5 Be7 24. Qg3 a5 25. Rb3 Ra7 26. Kg2 a4 27. Rbc3 Rb7 28.
R3c2 Kf7 29. Rh1 Rg8 30. Kf2 Bf8 31. Rhc1 Be7 32. Qg2 Rb5 33. Qg3 Bf8 34. Be2
1/2-1/2

[Event "Dt. Senioren-Mannschaftsmeisterschaft der Landesverbände 2017"]
[Site "Templin"]
[Date "2017.09.29"]
[Round "5.16"]
[White "Neumann, Joachim"]
[Black "Kierzek, Mira"]
[Result "0-1"]
[BlackElo "2037"]
[WhiteElo "2093"]
[LiveChessVersion "1.4.8"]

1. c4 g6 2. g3 Bg7 3. Bg2 e5 4. Nc3 Nc6 5. e4 d6 6. Nge2 Nge7 7. d3 O-O 8. Nd5
Bg4 9. f3 Be6 10. O-O Qd7 11. Bd2 f5 12. Bc3 Nd4 13. Bxd4 exd4 14. Nef4 Nxd5 15.
Nxe6 Qxe6 16. cxd5 Qd7 17. f4 c5 18. dxc6 bxc6 19. Qa4 Rad8 20. exf5 Qxf5 21.
Be4 Qb5 22. Qxb5 cxb5 23. Bd5+ Kh8 24. Rac1 Rc8 25. Be6 Rc5 26. Rxc5 dxc5 27.
Rc1 c4 28. dxc4 bxc4 29. Bxc4 d3 30. Bxd3 Bxb2 31. Rc2 Bd4+ 32. Kg2 Kg7 33. Kf3
Rf7 34. Rc8 Rf8 35. Rc7+ Rf7 36. Rc8 Rf8 37. Rc4 Bb6 38. Re4 Rf7 39. Bc4 Rc7 40.
g4 h6 41. h4 Rd7 42. h5 gxh5 43. gxh5 Rd4 44. Re7+ Kf8 45. Rf7+ Ke8 46. Be6 Rd3+
47. Kg4 Be3 48. Kf5 Rd4 49. Ke5 Rb4 50. Bd5 Rb5 51. Rf6 Rb4 52. Be4 0-1

[Event "Blindenschachbund-Brandenburg 2"]
[Site "Templin"]
[Date "2017.09.29"]
[Round "5.1"]
[White "Urban, Hans-Rainer"]
[Black "Riegler, Dieter"]
[Result "1/2-1/2"]
[BlackElo "2013"]
[BlackTeam "Blindenschachbund"]
[Board "1"]
[WhiteElo "2088"]
[WhiteTeam "Brandenburg 2"]

1. d4 Nf6 2. Nf3 g6 3. Bg5 Bg7 4. e3 d6 5. Bd3 O-O  6. Nbd2 Nbd7 7. c3 h6 8.
Bh4 e5 9. Qb3 Kh8 10. Bg3 Qe7 11. Be2 e4 12. Ng1 Nb6 13. a4 a5 14. h4 Qd7 15.
Nh3 Qe8 16. Bd1 Qe7 17. Nf4 Bg4  1/2-1/2

[Event "Blindenschachbund-Brandenburg 2"]
[Site "Templin"]
[Date "2017.09.29"]
[Round "5.2"]
[White "Dobierzin, Olaf"]
[Black "Ellenberg, Ekkehard"]
[Result "1/2-1/2"]
[BlackElo "2057"]
[BlackTeam "Brandenburg 2"]
[Board "2"]
[WhiteElo "2001"]
[WhiteTeam "Blindenschachbund"]

1. e4 c5 2. Nf3 d6 3. d4 cxd4 4. Nxd4 Nf6 5. Nc3 a6 6. Be2 e6 7. O-O  Qc7 8.
f4 Be7 9. Kh1 O-O  10. a4 b6 11. Bf3 Bb7 12. Qe1 Nc6 13. Nb3 Nb4 14. Qf2 d5
15. e5 Nd7 16. Be3 Rac8 17. Nd4 Nc5 18. Qg3 f5 19. Nce2 Qd7 20. c3 Nbd3 21. b4
Ne4 22. Bxe4 dxe4 23. Nc2 Bd8 24. Rfd1 Bd5 25. Ncd4 Nb2 26. Rd2 Nxa4 27. Nxe6
Qxe6 28. Rxa4 Bc4 29. Nd4 Qe8 30. Ra1 Bd3 31. Rc1 Be7 32. Ne6 Rf7 33. Ng5 Bxg5
34. Qxg5 Qc6 35. Bd4 Qc4 36. Re1 h6 37. Qh5 Qe6 38. h3 Kh7 39. Re3 Rc6 40. Kh2
g6  1/2-1/2

[Event "Blindenschachbund-Brandenburg 2"]
[Site "Templin"]
[Date "2017.09.29"]
[Round "5.3"]
[White "Zoll, Detlef"]
[Black "Jagdhuber, Hans"]
[Result "1/2-1/2"]
[BlackElo "2014"]
[BlackTeam "Blindenschachbund"]
[Board "3"]
[WhiteElo "1893"]
[WhiteTeam "Brandenburg 2"]

1. d4 g6 2. e4 d6 3. Nc3 c6 4. f4 d5 5. e5 h5 6. Bd3 Nh6 7. Nf3 Bg4 8. O-O 
e6 9. Ne2 Bf5 10. c3 Nd7  1/2-1/2

[Event "Blindenschachbund-Brandenburg 2"]
[Site "Templin"]
[Date "2017.09.29"]
[Round "5.4"]
[White "Heinich, Manfred"]
[Black "Sawinsky, Ralf"]
[Result "1-0"]
[BlackElo "1956"]
[BlackTeam "Brandenburg 2"]
[Board "4"]
[WhiteElo "1978"]
[WhiteTeam "Blindenschachbund"]

1. d4 Nf6 2. c4 e6 3. Nf3 d5 4. Nc3 Bb4 5. cxd5 exd5 6. Bg5 h6 7. Bh4 c6 8. e3
Bg4 9. Be2 Nbd7 10. O-O  O-O  11. Qb3 Bxc3 12. bxc3 Qc8 13. h3 Bh5 14.
g4 Bg6 15. c4 dxc4 16. Bxc4 Be4 17. Nd2 Bd5 18. Bxd5 Nxd5 19. Bg3 Re8 20. Nc4
Re6 21. Nd6 Qd8 22. Qxb7 N5b6 23. Qxc6 Nb8 24. Qc5 Na6 25. Qa3 Nb8 26. Rac1 Qe7
27. Rc3 Nd5 28. Rb3 Nb6 29. Rxb6  1-0

[Event "Rheinland-Pfalz 1-Sachsen 1"]
[Site "Templin"]
[Date "2017.09.29"]
[Round "5.1"]
[White "Kyas, Jürgen"]
[Black "Giesen, Dieter"]
[Result "1/2-1/2"]
[BlackElo "2215"]
[BlackTeam "Rheinland-Pfalz 1"]
[Board "1"]
[WhiteElo "2200"]
[WhiteTeam "Sachsen 1"]

1. e4 e5 2. Bc4 Nf6 3. d3 c6 4. Nf3 Be7  5. O-O  d6 6. Bb3 O-O  7.
Nbd2 Nbd7 8. c3 Qc7 9. Re1 Nc5 10. Bc2 Ne6  1/2-1/2

[Event "Rheinland-Pfalz 1-Sachsen 1"]
[Site "Templin"]
[Date "2017.09.29"]
[Round "5.4"]
[White "Dietzsch, Herbert"]
[Black "Böhm, Erwin"]
[Result "1/2-1/2"]
[BlackElo "2154"]
[BlackTeam "Sachsen 1"]
[Board "4"]
[WhiteElo "2094"]
[WhiteTeam "Rheinland-Pfalz 1"]

1. e4 g6 2. d4 Bg7 3. c3 d5 4. Nd2 Nd7 5. Ngf3 c6 6. Bd3 dxe4 7. Nxe4 Ngf6 8.
O-O  Nxe4 9. Bxe4 O-O  10. Be3 e5 11. dxe5 Nxe5 12. Nxe5 Bxe5  1/2-1/2

[Event "Württemberg 1-Mecklenburg-Vorpommern 1"]
[Site "Templin"]
[Date "2017.09.29"]
[Round "5.1"]
[White "Dettmann, Gerd"]
[Black "Fritsch, Rolf"]
[Result "1/2-1/2"]
[BlackElo "2214"]
[BlackTeam "Württemberg 1"]
[Board "1"]
[WhiteElo "2155"]
[WhiteTeam "Mecklenburg-Vorpommern 1"]

1. e4 g6 2. d4 Bg7 3. Nc3 d6 4. Nf3 a6 5. Be3 b5 6. Bd3 e6 7. O-O  Nd7 8.
Qd2 h6 9. a4 b4 10. Ne2 c5 11. c3 bxc3 12. bxc3 Qc7 13. Ne1 Ne7 14. h4 Bb7 15.
h5 Nf6 16. hxg6 c4 17. gxf7+ Kxf7 18. Bc2 Nxe4 19. Bxe4 Bxe4 20. Ng3 Qc6 21.
Nxe4 Qxe4 22. Nf3 Rag8 23. Bf4 Bf6 24. Bg3 Nf5 25. Qf4 Qd5 26. Rae1 h5 27. Qe4
Qxe4 28. Rxe4 h4 29. Bf4 Rg4  1/2-1/2

[Event "Württemberg 1-Mecklenburg-Vorpommern 1"]
[Site "Templin"]
[Date "2017.09.29"]
[Round "5.2"]
[White "Weisenburger, Horst"]
[Black "Prüsse, Horst"]
[Result "1-0"]
[BlackElo "2071"]
[BlackTeam "Mecklenburg-Vorpommern 1"]
[Board "2"]
[WhiteElo "2137"]
[WhiteTeam "Württemberg 1"]

1. e4 c5 2. Nc3 e6 3. g3 Nc6 4. Bg2 Nf6 5. d3 d5 6. exd5 exd5 7. Bg5 Be7 8. Bxf6
Bxf6 9. Nxd5 Bxb2 10. Rb1 Qa5+ 11. Qd2 Qxd2+ 12. Kxd2 Be5 13. Nf3 Bd6 14. Rhe1+
Kf8 15. Ng5 f5 16. Ne6+ Kf7 17. Ndc7 Bxe6 18. Nxe6 Rab8 19. Ng5+ Kf8 20. Re6
Be7 21. Bxc6 Bxg5+ 22. f4 Bf6 23. Rxb7 Rxb7 24. Bxb7 Kf7 25. Ra6 h5 26. Rxa7 h4
27. g4 fxg4 28. Bc8+ Kg6 29. Bxg4 h3 30. Ke2 Re8+ 31. Kf3 Re1 32. Bxh3 Rh1 33.
a4 Rxh2 34. Bg2 Rh8 35. a5 c4 36. Kg4 Rh4+ 37. Kg3 cxd3 38. cxd3 Rh5 39. Be4+
Kh6 40. a6 Ra5 41. Kg4 Bd4 42. Rd7 Bg1 43. Rd6+  1-0

[Event "Württemberg 1-Mecklenburg-Vorpommern 1"]
[Site "Templin"]
[Date "2017.09.29"]
[Round "5.3"]
[White "Valet, Richard"]
[Black "Bräuner, Uwe"]
[Result "0-1"]
[BlackElo "2176"]
[BlackTeam "Württemberg 1"]
[Board "3"]
[WhiteElo "2023"]
[WhiteTeam "Mecklenburg-Vorpommern 1"]

1. e4 c5 2. Nc3 Nc6 3. g3 g6 4. Bg2 Bg7 5. d3 e6 6. Be3 b6 7. Nf3 Nge7 8. Qd2
O-O  9. Bh6 d5 10. h4 f6 11. h5 Rf7 12. Bxg7 Rxg7 13. O-O-O d4 14. Ne2 e5
15. hxg6 hxg6 16. Rh6 Kf7 17. Rdh1 Ng8 18. Rh8 Be6 19. Nh4 c4 20. f4 cxd3 21.
cxd3 Bxa2 22. Kd1 Qd6 23. Nc1 Be6 24. f5 gxf5 25. Nxf5 Bxf5 26. exf5 Rc8 27.
R1h7 e4 28. Bxe4 Qxg3 29. Ne2 Qe3 30. Bd5+ Kf8 31. Qc2 Ne7 32. Rxg8+ Rxg8 33.
Rf7+ Ke8 34. Qa4+ Kd8 35. Rxe7 Rg1+ 36. Nxg1 Rc1#  0-1

[Event "Württemberg 1-Mecklenburg-Vorpommern 1"]
[Site "Templin"]
[Date "2017.09.29"]
[Round "5.4"]
[White "Gerstenberger, Heinz"]
[Black "Kliewe, Hans-Jürgen"]
[Result "1/2-1/2"]
[BlackElo "2037"]
[BlackTeam "Mecklenburg-Vorpommern 1"]
[Board "4"]
[WhiteElo "2119"]
[WhiteTeam "Württemberg 1"]

1. d4 d5 2. c4 c6 3. Nf3 Nf6 4. g3 e6 5. Bg2 Be7 6. O-O  O-O  7. Qc2 b6
8. Rd1 Ba6 9. Ne5 Qc8 10. Nd2 Nbd7 11. Nxd7 Qxd7 12. e4 dxe4 13. Nxe4 Bb7 14.
c5 Nd5 15. Ng5 g6 16. Re1 Bf6 17. Nf3 Rfd8 18. a3 Ne7 19. Be3 Nf5 20. Rad1 Nxe3
21. fxe3 bxc5 22. Qxc5 Qd5 23. Qc2 Qb5 24. b4 Rac8 25. Nd2 Ba6 26. Ne4 Be7 27.
Bf1 Qb6 28. Qc3 Bxf1  1/2-1/2

[Event "Nordrhein-Westfalen 2-Bayern 1"]
[Site "Templin"]
[Date "2017.09.29"]
[Round "5.1"]
[White "Schmidt, Gerhard"]
[Black "Zimmermann, Rolf"]
[Result "1/2-1/2"]
[WhiteElo "2175"]
[BlackElo "2165"]
[PlyCount "62"]
[EventDate "2017.??.??"]
[WhiteTeam "Bayern 1"]
[BlackTeam "Nordrhein-Westfalen 2"]

1. d4 d5 2. c4 e6 3. Nc3 Nf6 4. Nf3 Be7 5. Bg5 O-O 6. e3 c6 7. Bd3 dxc4 8. Bxc4
Nd5 9. Bxe7 Qxe7 10. O-O Nd7 11. Qc2 Re8 12. Rfd1 b6 13. Nxd5 cxd5 14. Bb5 Qd6
15. Rac1 Rd8 16. Qc7 Qxc7 17. Rxc7 a6 18. Bd3 Nf8 19. Ne5 Bd7 20. Nxd7 Rxd7 21.
Rdc1 Rxc7 22. Rxc7 b5 23. Kf1 g5 24. Ke2 Rd8 25. Kd2 Rd6 26. Kc3 Nd7 27. Kb4
Kg7 28. f3 h6 29. Ka5 Nb8 30. Kb4 Nd7 31. Ka5 Nb8 1/2-1/2

[Event "Nordrhein-Westfalen 2-Bayern 1"]
[Site "Templin"]
[Date "2017.09.29"]
[Round "5.2"]
[White "Bogorad, Michail"]
[Black "Jergler, Karl-Heinz"]
[Result "1/2-1/2"]
[WhiteElo "2109"]
[BlackElo "2198"]
[PlyCount "104"]
[EventDate "2017.??.??"]
[WhiteTeam "Nordrhein-Westfalen 2"]
[BlackTeam "Bayern 1"]

1. e4 c5 2. Nc3 Nc6 3. d3 g6 4. Be3 d6 5. d4 cxd4 6. Bxd4 Nf6 7. Bxf6 exf6 8.
Nf3 a6 9. a4 Qa5 10. Be2 Be6 11. O-O Rd8 12. Nd5 Bg7 13. c3 Bxd5 14. exd5 Ne5
15. b4 Qc7 16. Qb3 O-O 17. Rac1 f5 18. Rfd1 Nxf3+ 19. Bxf3 Rfe8 20. h3 a5 21.
bxa5 Qxa5 22. Qb4 Qc7 23. c4 b6 24. Rb1 Rb8 25. Qb5 Be5 26. Qc6 Qa7 27. Qb5
Rec8 28. Qb4 Rc5 29. Rd2 Ra5 30. Bd1 Qc7 31. g3 Rc5 32. Be2 f4 33. Kg2 Qd8 34.
Rd3 Rcc8 35. Rf3 g5 36. g4 Bd4 37. Qd2 Qf6 38. Rd1 Bc5 39. h4 h6 40. hxg5 hxg5
41. Rh1 Kg7 42. Rfh3 Rh8 43. Qd3 Rxh3 44. Qxh3 Rg8 45. Bd3 Kf8 46. Qh6+ Qxh6
47. Rxh6 Kg7 48. Rh7+ Kf6 49. Rh6+ Ke5 50. Kf3 Kd4 51. Be2 Ke5 52. Rh7 Kf6
1/2-1/2

[Event "Nordrhein-Westfalen 2-Bayern 1"]
[Site "Templin"]
[Date "2017.09.29"]
[Round "5.3"]
[White "Oechslein, Rainer"]
[Black "Andersen, Knut"]
[Result "1-0"]
[WhiteElo "2294"]
[BlackElo "2108"]
[PlyCount "69"]
[EventDate "2017.??.??"]
[WhiteTeam "Bayern 1"]
[BlackTeam "Nordrhein-Westfalen 2"]

1. e4 c5 2. Nf3 Nc6 3. d4 cxd4 4. Nxd4 Qb6 5. Nb3 Nf6 6. Nc3 e6 7. Bd3 a6 8.
Be3 Qc7 9. f4 d6 10. Qf3 Be7 11. O-O-O O-O 12. g4 Nb4 13. Kb1 d5 14. e5 Nd7 15.
g5 Nxd3 16. cxd3 b5 17. Rc1 Qd8 18. Ne2 Bb7 19. Ned4 Rc8 20. Rxc8 Qxc8 21. Rc1
Qa8 22. Rc7 Bc8 23. Nc6 Bd8 24. Nxd8 Rxd8 25. Na5 Qb8 26. Ra7 b4 27. Nc6 Qb5
28. Nxd8 Qxd3+ 29. Ka1 d4 30. Rc7 Nb6 31. Nc6 dxe3 32. Ne7+ Kf8 33. Nxc8 Nc4
34. Nd6 Nxd6 35. exd6 1-0

[Event "Nordrhein-Westfalen 2-Bayern 1"]
[Site "Templin"]
[Date "2017.09.29"]
[Round "5.4"]
[White "Haselhorst, Helmut"]
[Black "Seibold, Hubert"]
[Result "1/2-1/2"]
[WhiteElo "2067"]
[BlackElo "2130"]
[PlyCount "53"]
[EventDate "2017.??.??"]
[WhiteTeam "Nordrhein-Westfalen 2"]
[BlackTeam "Bayern 1"]

1. d4 d5 2. Nf3 Nf6 3. c4 c6 4. e3 Bf5 5. Nc3 e6 6. Bd3 Bxd3 7. Qxd3 Nbd7 8.
O-O Be7 9. b3 Qa5 10. Bd2 Qb6 11. Rfd1 O-O 12. e4 dxe4 13. Nxe4 Nxe4 14. Qxe4
a5 15. Rab1 Nf6 16. Qe2 Qc7 17. Bg5 h6 18. Bh4 Rfe8 19. Ne5 Nd7 20. Bg3 Nxe5
21. Bxe5 Qd7 22. Rd3 f6 23. Bf4 Bd6 24. Bxd6 Qxd6 25. Rbd1 Rad8 26. Qd2 Qb4 27.
g3 1/2-1/2

[Event "Bayern 2-Hamburg"]
[Site "Templin"]
[Date "2017.09.29"]
[Round "5.1"]
[White "Engelbert, Christoph"]
[Black "Urytskyy, Arkadiy"]
[Result "1-0"]
[BlackElo "2176"]
[BlackTeam "Bayern 2"]
[Board "1"]
[WhiteElo "2135"]
[WhiteTeam "Hamburg"]

1. e4 c5 2. c3 d5 3. exd5 Qxd5 4. d4 Nc6 5. Nf3 e6 6. Bd3 Nf6 7. O-O  Be7 8.
c4 Qd7 9. dxc5 Bxc5 10. a3 O-O  11. Qe2 Nd4 12. Nxd4 Bxd4 13. Nd2 Rd8 14.
Bc2 b6 15. Nf3 Bb7 16. Rd1 Bxf3 17. Qxf3 Rac8 18. Be3 e5 19. Bf5 Qd6 20. Bxc8
Rxc8 21. Rac1 Rd8 22. Rc2 Nd7 23. Rcd2 Nf8 24. Bxd4 exd4 25. Rxd4 Qxd4 26. Rxd4
Rxd4 27. b3 g6 28. g3 Rd7 29. Qc6 Rd3 30. Qa4 Ne6 31. b4 Rc3 32. Qxa7 Rxc4 33.
Qxb6 g5 34. Kf1 g4 35. a4 Nd4 36. Qd8+ Kg7 37. Qg5+ Kf8 38. Qxg4 Rxb4 39. a5
Rb1+ 40. Kg2 Ne6 41. a6 Ra1 42. Qb4+ Ke8 43. Qd6 Rc1 44. a7 Nc7 45. Qxc7  1-0